|
|
|
|
| LEADER |
02410nam a2200589 aa4500 |
| 001 |
nkc20122344622 |
| 003 |
CZ PrNK |
| 005 |
20220811072720.0 |
| 007 |
ta |
| 008 |
120328s2011 xr abg c p 000 0 slo |
| 015 |
|
|
|a cnb002344622
|
| 020 |
|
|
|a 978-80-7397-068-0
|q (učebnica ;
|q brož.)
|
| 020 |
|
|
|a 978-80-7397-027-7
|q (pracovný zošit ;
|q brož.)
|
| 035 |
|
|
|a (OCoLC)880868087
|
| 040 |
|
|
|a BOA001
|b cze
|d OLA001
|
| 041 |
1 |
|
|a slo
|a ger
|h ita
|
| 072 |
|
7 |
|a 811.112.2
|x Němčina
|2 Konspekt
|9 11
|
| 072 |
|
7 |
|a 37.016
|x Učební osnovy. Vyučovací předměty. Učebnice
|2 Konspekt
|9 22
|
| 080 |
|
|
|a 811.112.2
|2 MRF
|
| 080 |
|
|
|a (075.2)
|2 MRF
|
| 080 |
|
|
|a (075.3)
|2 MRF
|
| 080 |
|
|
|a (07.063)81
|2 MRF
|
| 080 |
|
|
|a (076.1)
|2 MRF
|
| 100 |
1 |
|
|a Motta, Giorgio
|7 mzk2005279265
|4 aut
|
| 245 |
1 |
0 |
|a Wir 3 :
|b nemčina pre 2. stupeň základných škôl a nižšie ročníky osemročných gymnázií /
|c Giorgio Motta, Renáta Foxová
|
| 246 |
3 |
0 |
|a Nemčina pre 2. stupeň základných škôl a nižšie ročníky osemročných gymnázií
|
| 246 |
1 |
8 |
|a Nemčina pre 2. stupeň ZŠ
|
| 250 |
|
|
|a 1. vyd.
|
| 260 |
|
|
|a Praha :
|b Klett,
|c 2011
|
| 300 |
|
|
|a 2 sv. :
|b il. (převážně barev.), mapy, noty ;
|c 26 cm
|
| 500 |
|
|
|a "Spoločný európsky referenčný rámec B1"
|
| 500 |
|
|
|a Část. přeloženo z italštiny?
|
| 500 |
|
|
|a Německo-slovenský slovník
|
| 505 |
0 |
|
|a učebnica. 153 s. -- pracovný zošit. 104 s.
|
| 650 |
0 |
7 |
|a němčina
|7 ph115512
|2 czenas
|
| 650 |
0 |
9 |
|a German language
|2 eczenas
|
| 653 |
0 |
|
|a jazyková úroveň B1
|
| 655 |
|
7 |
|a učebnice základních škol
|7 fd133773
|2 czenas
|
| 655 |
|
7 |
|a učebnice středních škol
|7 fd133771
|2 czenas
|
| 655 |
|
7 |
|a jazykové učebnice, texty, příručky (B)
|7 fd600891
|2 czenas
|
| 655 |
|
7 |
|a pracovní sešity
|7 fd133116
|2 czenas
|
| 655 |
|
9 |
|a textbooks (elementary)
|2 eczenas
|
| 655 |
|
9 |
|a textbooks (secondary)
|2 eczenas
|
| 655 |
|
9 |
|a language textbooks, texts, handbooks (B)
|2 eczenas
|
| 655 |
|
9 |
|a activity books
|2 eczenas
|
| 700 |
1 |
|
|a Foxová, Renáta
|7 jx20110629007
|4 aut
|
| 910 |
2 |
|
|a BOA001
|b 3-1281.395
|
| 990 |
|
|
|a BK
|
| 995 |
|
|
|a 01
|
| 991 |
|
|
|b 201203
|c NOV
|e dn
|
| 996 |
6 |
|
|b 2610505243
|c 3-1281.395
|d 1,učebnica
|l MZK
|r Sklad / do 1 hodiny
|n 0
|p p.v.
|w 001234297
|u 000010
|a 1
|e BOA001
|j MZK50
|s P
|
| 996 |
6 |
|
|b 2610505244
|c 3-1281.395
|d 2,pracovný zošit
|l MZK
|r Sklad / do 1 hodiny
|n 0
|p p.v.
|w 001234297
|u 000020
|a 1
|e BOA001
|j MZK50
|s P
|